[Event "4NCL/Div3/SCS vs. SLO2"]
[Site "West Bromwich ENG"]
[Date "2003.05.25"]
[Round "10.6"]
[White "Armstrong, William"]
[Black "Bland, David"]
[Result "0-1"]
[WhiteElo "1736"]
[BlackElo "1712"]
[PlyCount "134"]
[EventDate "2003.05.25"]

1. d4 d5 2. Nf3 Nf6 3. Bf4 e6 4. e3 c5 5. Nc3 a6 6. Bd3 Nc6 7. O-O Be7 8. Ne5
cxd4 9. Nxc6 bxc6 10. exd4 Qb6 11. Be5 a5 12. Na4 Qd8 13. c3 Ba6 14. Bxf6 Bxf6
15. Bxa6 Rxa6 16. Nc5 Ra7 17. Qa4 Qc7 18. f4 O-O 19. Rae1 Re8 20. Re3 Qb6 21.
Nd3 Rae7 22. Kh1 Rc8 23. Qc2 Rce8 24. Ne5 Bxe5 25. fxe5 c5 26. Rh3 h6 27. Qd2
cxd4 28. cxd4 Qb4 {=} 29. Rc3 Rc7 30. Rfc1 Rec8 31. a3 Rxc3 32. Rxc3 Qb7 33.
Rxc8+ Qxc8 34. g3 Qa6 35. Kg2 {=} Qc4 36. Kf2 Qb5 {=} 37. b4 axb4 38. Qxb4 Qd3
39. a4 Qc2+ 40. Kf3 Qxh2 41. Qb8+ Kh7 42. Qb1+ g6 43. Qb7 Kg7 44. a5 Qh1+ 45.
Kf2 Qh2+ 46. Kf3 Qh5+ 47. Ke3 Qg5+ 48. Kd3 Qxg3+ 49. Kc2 Qf2+ 50. Kb3 Qe3+ 51.
Ka4 Qxd4+ 52. Qb4 Qa1+ 53. Kb5 d4 54. a6 d3 55. Kb6 Qxe5 56. a7 Qd5 57. Qc3+ e5
58. Qd2 g5 59. Kc7 Qa8 60. Qa5 f6 61. Kd6 d2 62. Ke6 Qe8+ 63. Kf5 Qd7+ 64. Ke4
Qd4+ 65. Kf5 Qd7+ 66. Ke4 d1=Q 67. a8=Q Q1d3# 0-1

[Event "4NCL/Div3/SCS vs. SLO2"]
[Site "West Bromwich ENG"]
[Date "2003.05.25"]
[Round "10.7"]
[White "Miller, Naomi K"]
[Black "Peddar, Stephane"]
[Result "0-1"]
[WhiteElo "1616"]
[BlackElo "1688"]
[PlyCount "76"]
[EventDate "2003.05.25"]

1. e4 e6 2. d4 d5 3. Nc3 Nf6 4. Bg5 Be7 5. e5 Nfd7 6. h4 a6 7. Qg4 O-O 8. Bh6
g6 9. Bxf8 Nxf8 10. Bd3 c5 11. Nce2 c4 12. Bxg6 fxg6 13. Nf4 Nc6 14. Nf3 Nb4
15. Kd2 Bd7 16. h5 g5 17. h6 Rc8 18. c3 Nd3 19. Nxd3 cxd3 20. Kxd3 Ng6 21. g3
Qb6 22. Rab1 Rf8 23. Rh2 Rf5 24. Ke2 Qb5+ 25. Kd2 Qa4 26. Ra1 b5 27. Ne1 Nxe5
28. Qe2 Nc4+ 29. Kd3 b4 30. b3 Qc6 31. Rc1 Na3 32. g4 Rf4 33. Qe5 Qb5+ 34. c4
dxc4+ 35. bxc4 Qxe5 36. dxe5 Nxc4 37. Ng2 Nxe5+ 38. Ke3 Nxg4+ 0-1

[Event "4NCL/Div3/WES2 vs. MIN"]
[Site "West Bromwich ENG"]
[Date "2003.05.26"]
[Round "11.1"]
[White "Hopkins, Jamie R"]
[Black "Radovanovich, Jovica"]
[Result "0-1"]
[WhiteElo "2151"]
[BlackElo "2233"]
[PlyCount "74"]
[EventDate "2003.05.26"]

1. c4 Nf6 2. g3 g6 3. Bg2 Bg7 4. Nc3 O-O 5. d3 d6 6. e4 c5 7. Nge2 Nc6 8. O-O
a6 9. a3 Rb8 10. Rb1 b5 11. cxb5 axb5 12. b4 cxb4 13. axb4 {=} Be6 14. d4 Bc4
15. e5 dxe5 16. Bxc6 exd4 17. Ne4 Nd5 18. Re1 d3 19. Nf4 Nxf4 20. Bxf4 e5 21.
Bg5 Qc7 22. Qf3 f5 23. Nc5 e4 24. Bxe4 fxe4 25. Qxe4 Qf7 26. Be3 Rbe8 27. Qf4
Qd5 28. Qg4 h5 29. Qxg6 d2 30. Red1 Rxe3 31. fxe3 Qf3 32. Qe4 Qf2+ 33. Kh1 Be2
34. Rf1 Qxf1+ 35. Rxf1 Rxf1+ 36. Kg2 d1=Q 37. Qe8+ Rf8 0-1

[Event "4NCL/Div3/WES2 vs. MIN"]
[Site "West Bromwich ENG"]
[Date "2003.05.26"]
[Round "11.2"]
[White "Kenworthy, Gary"]
[Black "Clark, Ian C"]
[Result "1-0"]
[WhiteElo "2259"]
[BlackElo "2113"]
[PlyCount "65"]
[EventDate "2003.05.26"]

1. e4 c5 2. Nf3 Nc6 3. d4 cxd4 4. Nxd4 e5 5. Nb5 a6 6. Nd6+ Bxd6 7. Qxd6 Qf6 8.
Qd1 Qg6 9. Nc3 Nge7 10. h4 h5 11. Bg5 f6 12. Be3 d5 13. Nxd5 Nxd5 14. Qxd5 Bg4
15. f3 Rd8 16. Qc4 Bc8 17. Bd3 Qxg2 18. O-O-O Qxf3 19. Bb6 Rd6 20. Bc5 Be6 21.
Qa4 Rxd3 22. cxd3 Kf7 23. Kb1 Rd8 24. Qc2 b6 25. Rhf1 Qh3 26. Bxb6 Nb4 27. Qa4
Bxa2+ 28. Ka1 Rxd3 29. Qxb4 Bb3 30. Rc1 Kg8 31. Rg1 Bf7 32. Qe7 Rb3 33. Rc7 1-0

[Event "4NCL/Div3/WES2 vs. MIN"]
[Site "West Bromwich ENG"]
[Date "2003.05.26"]
[Round "11.3"]
[White "Rutter, Nicholas"]
[Black "Stirling, William J"]
[Result "0-1"]
[WhiteElo "2120"]
[BlackElo "2174"]
[PlyCount "48"]
[EventDate "2003.05.26"]

1. e4 g6 2. d4 Bg7 3. Nc3 d6 4. f4 Nf6 5. e5 Nfd7 6. Nf3 c5 7. exd6 O-O 8. Be3
exd6 9. Qd2 Qa5 10. O-O-O Nc6 11. h3 a6 12. Kb1 Nf6 13. Qf2 Bf5 14. a3 b5 15.
Nd2 cxd4 16. Nb3 dxe3 17. Nxa5 exf2 18. Nxc6 Rfe8 19. Nd4 Be4 20. Rh2 Nd5 21.
Nxd5 Bxd5 22. Nf3 Bxf3 23. gxf3 Re1 24. Kc1 Bh6 0-1

[Event "4NCL/Div3/WES2 vs. MIN"]
[Site "West Bromwich ENG"]
[Date "2003.05.26"]
[Round "11.4"]
[White "Muter, Donny"]
[Black "Tunks, Dominic"]
[Result "1/2-1/2"]
[WhiteElo "2124"]
[BlackElo "2096"]
[PlyCount "108"]
[EventDate "2003.05.26"]

1. d4 d6 2. e4 Nf6 3. Nc3 c6 4. f4 Qb6 5. e5 Bg4 6. Qd3 dxe5 7. fxe5 Nd5 8.
Nxd5 cxd5 9. Be2 Bxe2 10. Nxe2 Nc6 11. c3 e6 12. Qg3 Ne7 13. O-O Nf5 14. Qf3 h5
15. Nf4 g6 16. Nd3 Be7 17. Bd2 Kd7 18. b4 Rag8 19. Nc5+ Kc8 20. Qd3 Qc6 21. a4
Kb8 22. Rfb1 Ka8 23. a5 Rb8 24. Na4 Rbc8 25. Nc5 Qc7 {=} 26. Bc1 Bxc5 27. bxc5
Ne7 28. Qb5 a6 29. Qf1 Nc6 30. Rb6 Rcd8 31. Be3 Rd7 32. Qb1 Rc8 33. Qa2 Qd8 34.
Rab1 Ka7 35. Qa4 Ka8 36. Ra1 Ka7 37. Rb2 Ka8 38. Rf2 Rdc7 39. Qb3 Rd7 40. Qb6
Qxb6 41. axb6 Rh8 42. Rf6 Kb8 43. g3 Kc8 44. Bg5 Rh7 45. Rf4 Ne7 46. Bxe7 Rxe7
47. Kf2 Kd7 48. Ke3 Re8 49. Kd3 Kc6 50. Kc2 Rd8 51. Kb3 Rd7 52. Kb4 Re7 53. h3
Rd7 54. Raf1 Re7 1/2-1/2

[Event "4NCL/Div3/WES2 vs. MIN"]
[Site "West Bromwich ENG"]
[Date "2003.05.26"]
[Round "11.5"]
[White "Pye, David E"]
[Black "Hardman, Michael J"]
[Result "1-0"]
[WhiteElo "2080"]
[BlackElo "2135"]
[PlyCount "133"]
[EventDate "2003.05.26"]

1. e4 c5 2. c3 d5 3. d3 dxe4 4. dxe4 Qxd1+ 5. Kxd1 Nc6 6. Be3 e6 7. Nd2 Nf6 8.
f3 Be7 9. Nh3 O-O 10. a4 Na5 11. Nc4 Nxc4 12. Bxc4 Bd7 13. Kc2 Rfd8 14. Nf2 b6
15. Rhd1 Be8 16. b3 Rxd1 17. Rxd1 Bc6 18. Ba6 Kf8 19. Nd3 Nd7 20. Bb5 Bxb5 21.
axb5 a5 22. Nb2 Ke8 23. Nc4 Bd8 24. Nd6+ Ke7 25. Nxf7 h6 26. Bf4 a4 27. Ne5
axb3+ 28. Kxb3 Nxe5 29. Bxe5 g6 30. c4 Ke8 31. f4 Ke7 32. g4 Ke8 33. Rd3 Ra7
34. Rh3 Rh7 35. Kc2 g5 36. fxg5 Bxg5 37. Ra3 Rd7 38. Rd3 Ra7 39. Kb3 Rf7 40.
Bg3 Bd8 41. e5 Bc7 42. Kc2 Rf1 43. Ra3 Rf7 44. Ra8+ Kd7 45. Rg8 Bd8 46. Rg6 Rh7
47. Kd3 Bg5 48. Ke4 Rf7 49. h4 Bd2 50. Rf6 Rg7 51. Kf3 Rg8 52. Bf4 Bxf4 53.
Kxf4 Ra8 54. Rxh6 Ra4 55. Rh7+ Ke8 56. Kg5 Rxc4 57. Kf6 Rxg4 58. Kxe6 Rg6+ 59.
Kd5 Rg1 60. Rb7 Rd1+ 61. Ke6 Kd8 62. Rxb6 Rh1 63. Kd6 Kc8 64. Rc6+ Kd8 65. Rxc5
Rxh4 66. e6 Rd4+ 67. Rd5 1-0

[Event "4NCL/Div3/WES2 vs. MIN"]
[Site "West Bromwich ENG"]
[Date "2003.05.26"]
[Round "11.6"]
[White "Parker, Robert"]
[Black "Pleasants, Allan J"]
[Result "1/2-1/2"]
[WhiteElo "2115"]
[BlackElo "2000"]
[PlyCount "43"]
[EventDate "2003.05.26"]

1. d4 g6 2. Nf3 Bg7 3. g3 d5 4. Bg2 Nf6 5. O-O O-O 6. c4 c6 7. cxd5 cxd5 8. Nc3
Nc6 9. Qb3 b6 10. Be3 e6 11. Rac1 Na5 12. Qc2 Nc4 13. Bg5 h6 14. Bf4 Bd7 15. b3
Na5 16. Qd3 Qe7 17. Ne5 Rac8 18. Qa6 Nc6 19. Nb5 Nxe5 20. Bxe5 Bxb5 21. Qxb5
Qb7 22. Qb4 1/2-1/2

[Event "4NCL/Div3/WES2 vs. MIN"]
[Site "West Bromwich ENG"]
[Date "2003.05.26"]
[Round "11.7"]
[White "Marsh, Roger"]
[Black "Hawkins, J Nick"]
[Result "1-0"]
[WhiteElo "2074"]
[BlackElo "2063"]
[PlyCount "113"]
[EventDate "2003.05.26"]

1. d4 Nf6 2. c4 e6 3. Nc3 d5 4. cxd5 exd5 5. Bg5 Be7 6. e3 Bf5 7. Qb3 O-O 8.
Qxb7 Nbd7 9. Bb5 a6 10. Bxd7 Qxd7 11. Bxf6 Be6 12. Be5 f6 13. Qxc7 fxe5 14.
Qxd7 Bxd7 15. Nxd5 Bd6 16. Nf3 exd4 17. Nxd4 Rab8 18. b3 Rbe8 19. O-O Re5 20.
Nf4 g5 21. Nd3 Re4 22. Rac1 Rh4 23. g3 Rh3 24. Nc5 Bg4 25. Nce6 Re8 26. Nxg5
Rh5 27. Rc6 Bxg3 28. fxg3 Rxg5 29. Rxa6 Rxe3 30. Ra8+ Kg7 31. Rff8 Bh3 32. Rg8+
Kh6 33. Rxg5 Kxg5 34. Ra5+ Kg4 35. Kf2 Rd3 36. Ne6 Rf3+ 37. Ke2 Bf1+ 38. Ke1
Bd3 39. Rg5+ Kh3 40. Rh5+ Kg2 41. Nf4+ Kg1 42. Nxd3 Rxd3 43. Ke2 Rd7 44. a4 Rb7
45. Rb5 Re7+ 46. Kf3 Kxh2 47. Rh5+ Kg1 48. b4 Rf7+ 49. Ke3 Kg2 50. Rg5 Rb7 51.
b5 Ra7 52. Rg4 h5 53. b6 Re7+ 54. Re4 Rb7 55. Re6 Kxg3 56. Rg6+ Kh2 57. a5 1-0

[Event "4NCL/Div3/WES2 vs. MIN"]
[Site "West Bromwich ENG"]
[Date "2003.05.26"]
[Round "11.8"]
[White "Hegarty, Sarah N"]
[Black "Norman, Dinah"]
[Result "1-0"]
[WhiteElo "1870"]
[BlackElo "2021"]
[PlyCount "85"]
[EventDate "2003.05.26"]

1. b3 d5 2. Bb2 Nf6 3. e3 Bg4 4. Be2 Bxe2 5. Qxe2 c6 6. Nf3 Nbd7 7. Nc3 e6 8.
O-O Be7 9. Rad1 O-O 10. d3 Qc7 11. e4 dxe4 12. dxe4 Nc5 13. Nd2 a5 14. f4 b5
15. g4 b4 16. Ncb1 Rfd8 17. g5 Nfd7 18. Qg4 Nf8 19. f5 Bd6 20. Nf3 exf5 21.
exf5 Bf4 22. Rde1 Re8 23. h4 Rad8 24. Kg2 Rxe1 25. Rxe1 Qd6 26. h5 h6 27. gxh6
Bxh6 28. Be5 Qd7 29. Bxg7 Bxg7 30. h6 f6 31. Kf2 Qf7 32. hxg7 Nfd7 33. Rg1 Qd5
34. Qh5 Ne4+ 35. Ke1 Ng5 36. Qh8+ Kf7 37. Rxg5 Qe4+ 38. Kf2 Qxc2+ 39. Nbd2 Qc5+
40. Kg2 Rxh8 41. gxh8=Q fxg5 42. Nxg5+ Ke7 43. Qg7+ 1-0

[Event "4NCL/Div3/NWE2 vs. 3CS2"]
[Site "West Bromwich ENG"]
[Date "2003.05.26"]
[Round "11.1"]
[White "Carleton, John J"]
[Black "Gordon, Stephen J"]
[Result "1/2-1/2"]
[WhiteElo "2266"]
[BlackElo "2189"]
[PlyCount "55"]
[EventDate "2003.05.26"]

1. d4 Nf6 2. c4 e6 3. Nc3 Bb4 4. f3 d5 5. a3 Bxc3+ 6. bxc3 c5 7. cxd5 Nxd5 8.
dxc5 Qa5 9. e4 Ne7 10. Be3 O-O 11. Qb3 Qc7 12. Nh3 e5 13. Nf2 Nec6 14. Rd1 Be6
15. Rd5 Nd7 16. Be2 Na5 17. Qb4 Rac8 18. Nd3 f5 19. O-O fxe4 20. fxe4 Rxf1+ 21.
Bxf1 Nc6 22. Qb1 Nf6 23. Rd6 Bf7 24. Nb4 Ne7 25. Qd3 Bg6 26. Qc4+ Bf7 27. Qd3
Bg6 28. Qc4+ 1/2-1/2

[Event "4NCL/Div3/NWE2 vs. 3CS2"]
[Site "West Bromwich ENG"]
[Date "2003.05.26"]
[Round "11.2"]
[White "Walton, Alan J"]
[Black "Lund, D Brett"]
[Result "1-0"]
[WhiteElo "2138"]
[BlackElo "2255"]
[PlyCount "55"]
[EventDate "2003.05.26"]

1. d4 d6 2. e4 Nf6 3. Nc3 c6 4. Bg5 Nbd7 5. f4 Qb6 6. Qd2 Qxb2 7. Rb1 Qa3 8.
Nf3 e6 9. Bd3 d5 10. e5 Ne4 11. Bxe4 dxe4 12. Rb3 Qa5 13. Nxe4 Qxd2+ 14. Nfxd2
c5 15. Nc4 b6 16. Ncd6+ Bxd6 17. Nxd6+ Kf8 18. c3 f6 19. Bh4 g5 20. fxg5 fxe5
21. O-O+ Kg7 22. Rf7+ Kg6 23. Re7 Nf8 24. dxe5 Kh5 25. Rg7 h6 26. gxh6 Rxh6 27.
Be7 Ng6 28. c4 1-0

[Event "4NCL/Div3/NWE2 vs. 3CS2"]
[Site "West Bromwich ENG"]
[Date "2003.05.26"]
[Round "11.3"]
[White "Hague, Ben"]
[Black "Bentley, John L"]
[Result "1/2-1/2"]
[WhiteElo "2233"]
[BlackElo "2163"]
[PlyCount "30"]
[EventDate "2003.05.26"]

1. e4 c5 2. d4 cxd4 3. c3 a6 4. Nf3 g6 5. cxd4 d5 6. exd5 Nf6 7. Nc3 Bg7 8. Bc4
b5 9. Bb3 O-O 10. O-O Bb7 11. Bg5 Nxd5 12. Nxd5 Bxd5 13. Bxd5 Qxd5 14. Bxe7 Re8
15. Bg5 Nc6 1/2-1/2

[Event "4NCL/Div3/NWE2 vs. 3CS2"]
[Site "West Bromwich ENG"]
[Date "2003.05.26"]
[Round "11.4"]
[White "Shaw, David A"]
[Black "Spence, David"]
[Result "1-0"]
[WhiteElo "2178"]
[BlackElo "2188"]
[PlyCount "59"]
[EventDate "2003.05.26"]

1. e4 e6 2. d4 d5 3. Nc3 Bb4 4. e5 c5 5. Bd2 Ne7 6. Nb5 Bxd2+ 7. Qxd2 O-O 8. f4
Nbc6 9. c3 cxd4 10. cxd4 Nf5 11. Nf3 a6 12. Nc3 Qb6 13. O-O-O Qd8 14. Bd3 Ncxd4
15. Nxd4 Nxd4 16. Bxh7+ Kxh7 17. Qxd4 Rh8 18. Kb1 f5 19. g4 Qf8 20. Qd3 g6 21.
h4 fxg4 22. h5 Qf5 23. hxg6+ Kg7 24. Qxf5 exf5 25. Rxh8 Kxh8 26. Nxd5 Rb8 27.
Ne7 Be6 28. Rh1+ Kg7 29. Rh7+ Kf8 30. g7+ 1-0

[Event "4NCL/Div3/NWE2 vs. 3CS2"]
[Site "West Bromwich ENG"]
[Date "2003.05.26"]
[Round "11.5"]
[White "Hulmes, David I"]
[Black "Martin, Katie A"]
[Result "1-0"]
[WhiteElo "2136"]
[BlackElo "2013"]
[PlyCount "39"]
[EventDate "2003.05.26"]

1. e4 e5 2. Nf3 Nc6 3. Bb5 a6 4. Ba4 Nf6 5. O-O b5 6. Bb3 Bc5 7. c3 d6 8. a4
Rb8 9. d3 O-O 10. axb5 axb5 11. Bg5 Bb6 12. Na3 Na5 13. Ba2 Ba6 14. b4 Nb7 15.
Nc2 Ra8 16. Ne3 h6 17. Bh4 Bxe3 18. fxe3 Qe7 19. Bd5 Rfc8 20. Rxa6 1-0

[Event "4NCL/Div3/NWE2 vs. 3CS2"]
[Site "West Bromwich ENG"]
[Date "2003.05.26"]
[Round "11.6"]
[White "Adams, Phil"]
[Black "Hughes, Howard R"]
[Result "1/2-1/2"]
[WhiteElo "2056"]
[BlackElo "2072"]
[PlyCount "29"]
[EventDate "2003.05.26"]

1. e4 d5 2. exd5 Qxd5 3. Nf3 Nc6 4. Nc3 Qa5 5. Bb5 Bd7 6. O-O O-O-O 7. d3 a6 8.
Bc4 Bg4 9. h3 Bxf3 10. Qxf3 Ne5 11. Qf4 Nxc4 12. Qxc4 e6 13. Bf4 Nf6 14. Rab1
Qc5 15. Qxc5 1/2-1/2

[Event "4NCL/Div3/NWE2 vs. 3CS2"]
[Site "West Bromwich ENG"]
[Date "2003.05.26"]
[Round "11.7"]
[White "Savory, Richard J"]
[Black "Plant, Paul"]
[Result "0-1"]
[WhiteElo "2099"]
[BlackElo "2079"]
[PlyCount "68"]
[EventDate "2003.05.26"]

1. e4 e6 2. d3 d5 3. Nd2 Nf6 4. Ngf3 c5 5. g3 Nc6 6. Bg2 Bd6 7. O-O O-O 8. Re1
Bc7 9. Qe2 b5 10. Nf1 Ba6 11. e5 Nd7 12. Bf4 h6 13. h4 Ne7 14. h5 Kh7 15. N1h2
Rb8 16. Nh4 Nc6 17. Ng4 Nd4 {=} 18. Qd2 f5 19. Nh2 Ba5 20. c3 b4 21. cxd4 b3
22. Qe3 cxd4 23. Qxd4 Bxe1 24. Rxe1 bxa2 25. Bd2 Qb6 26. Bc3 Qxd4 27. Bxd4 Bxd3
28. Ra1 Bb1 29. N2f3 Rfc8 30. Bc3 Nc5 31. Nd2 Na4 32. Nxb1 axb1=Q+ 33. Rxb1
Nxc3 34. Re1 Rxb2 0-1

[Event "4NCL/Div3/NWE2 vs. 3CS2"]
[Site "West Bromwich ENG"]
[Date "2003.05.26"]
[Round "11.8"]
[White "Whitworth, Philip"]
[Black "Griffiths, Kathy"]
[Result "1/2-1/2"]
[WhiteElo "1944"]
[BlackElo "2064"]
[PlyCount "81"]
[EventDate "2003.05.26"]

1. e4 c5 2. Nc3 Nc6 3. g3 g6 4. Bg2 Bg7 5. d3 d6 6. Be3 Rb8 7. Qd2 b5 8. Nf3
Qa5 9. O-O Bd7 10. Ne1 b4 11. Nd1 Bg4 12. f3 Bd7 13. f4 Nf6 14. h3 e6 15. f5
O-O 16. Bh6 d5 17. Bxg7 Kxg7 18. Qf4 dxe4 19. dxe4 c4 20. Ne3 Qc5 21. Kh2 exf5
22. exf5 Nd4 23. Ng4 Nxg4+ 24. hxg4 Bxf5 25. gxf5 Nxf5 26. Nf3 Ne3 27. Rfe1
Nxc2 28. Re5 Qc7 29. Rc1 b3 30. axb3 cxb3 31. Qh4 Rfe8 32. Re4 Rxe4 33. Qxe4
Qd6 34. Qc4 Rb4 35. Qc3+ Qf6 36. Qxf6+ Kxf6 37. Nd2 Ne3 38. Rc3 Nd1 39. Rc6+
Kg7 40. Bf3 Nxb2 41. Rc3 1/2-1/2

[Event "4NCL/Div3/SLO2 vs. BRI2"]
[Site "West Bromwich ENG"]
[Date "2003.05.26"]
[Round "11.1"]
[White "Foster, James J"]
[Black "Rudd, Jack"]
[Result "0-1"]
[WhiteElo "2081"]
[BlackElo "2171"]
[PlyCount "72"]
[EventDate "2003.05.26"]

1. c4 Nf6 2. Nc3 g6 3. e4 d6 4. g3 c5 5. Bg2 Nc6 6. Nge2 Bg7 7. O-O O-O 8. h3
Bd7 9. Kh2 Rb8 10. f4 a6 11. g4 b5 12. cxb5 axb5 13. Ng3 b4 14. Nce2 Ra8 15. g5
Ne8 16. f5 Be5 17. Qb3 Ng7 18. d4 Bxd4 19. Nxd4 Nxd4 20. Qd1 Ba4 21. Qg4 Bb5
22. Rf2 Nb3 23. axb3 Rxa1 24. Be3 Bd7 25. Qh4 f6 26. Bf1 Be8 27. gxf6 exf6 28.
e5 Re1 29. Bc4+ Kh8 30. Rf3 g5 31. Qh6 dxe5 32. Bxg5 fxg5 33. f6 Qd2+ 34. Ne2
Rxe2+ 35. Bxe2 Qxe2+ 36. Kg1 Ne6 0-1

[Event "4NCL/Div3/SLO2 vs. BRI2"]
[Site "West Bromwich ENG"]
[Date "2003.05.26"]
[Round "11.2"]
[White "Dilleigh, Stephen P"]
[Black "Richardson, Alex"]
[Result "1-0"]
[WhiteElo "2158"]
[BlackElo "2098"]
[PlyCount "109"]
[EventDate "2003.05.26"]

1. d4 Nf6 2. c4 e6 3. Nc3 Bb4 4. e3 O-O 5. Bd3 d5 6. Nf3 c5 7. O-O Nc6 8. a3
Bxc3 9. bxc3 Qc7 10. cxd5 exd5 11. Nh4 Bg4 12. f3 Bh5 13. g4 Bg6 14. Nxg6 fxg6
15. Ra2 Qa5 16. Bd2 c4 17. Bb1 Rae8 18. e4 dxe4 19. fxe4 Qb6 20. Qe2 Qb3 21.
Ra1 Qb2 22. Qxc4+ Kh8 23. Ra2 Qb6 24. g5 Nh5 25. Be3 Ne5 26. Rxf8+ Rxf8 27. Qb4
Nf3+ 28. Kh1 Qd8 29. Rf2 Qc8 30. Bd3 Ng3+ 31. Kg2 Ne1+ 32. Kxg3 Rxf2 33. Bxf2
Nxd3 34. Qb5 h5 35. gxh6 Qxc3 36. hxg7+ Kxg7 37. Qxb7+ Kh6 38. Be3+ g5 39. Qa6+
Kh5 40. Qf6 Nf4 41. Qh8+ Kg6 42. Kg4 Qxe3 43. Qg8+ Kh6 44. Qxg5+ Kh7 45. Qxf4
Qg1+ 46. Kh5 Qd1+ 47. Qg4 Qxd4 48. Qg6+ Kh8 49. Qe8+ Kg7 50. Qe7+ Kg8 51. Qg5+
Kh7 52. Qd5 Qe3 53. Qf7+ Kh8 54. Qf6+ Kh7 55. Qg6+ 1-0

[Event "4NCL/Div3/SLO2 vs. BRI2"]
[Site "West Bromwich ENG"]
[Date "2003.05.26"]
[Round "11.3"]
[White "Purton, Ben"]
[Black "Easton, Alex"]
[Result "1-0"]
[WhiteElo "2062"]
[BlackElo "2123"]
[PlyCount "65"]
[EventDate "2003.05.26"]

1. d4 Nf6 2. Nf3 g6 3. Bg5 Bg7 4. Nbd2 d5 5. c4 Ne4 6. Bf4 O-O 7. e3 c6 8. Nxe4
dxe4 9. Nd2 Qa5 10. Rb1 c5 11. b4 cxb4 12. Qb3 e5 13. dxe5 Bxe5 14. Bxe5 Qxe5
15. Qxb4 {=} Na6 16. Qb2 Qa5 17. Be2 Rd8 18. Rd1 Bd7 19. O-O Ba4 20. Nxe4 Bxd1
21. Nf6+ Kg7 22. Ng4+ Kg8 23. Bxd1 Qb6 24. Bb3 Nc5 25. Nf6+ Kf8 26. Nd5 Rxd5
27. cxd5 Rd8 28. Rd1 h5 29. Qh8+ Ke7 30. Qe5+ Kf8 31. d6 Kg8 32. Bc4 Qb4 33.
Bxf7+ 1-0

[Event "4NCL/Div3/SLO2 vs. BRI2"]
[Site "West Bromwich ENG"]
[Date "2003.05.26"]
[Round "11.4"]
[White "Boyce, G Michael"]
[Black "Varnam, Liam D"]
[Result "1/2-1/2"]
[WhiteElo "2008"]
[BlackElo "2066"]
[PlyCount "49"]
[EventDate "2003.05.26"]

1. c4 Nf6 2. Nf3 d6 3. d4 g6 4. g3 Bg7 5. Bg2 O-O 6. O-O c6 7. Nc3 Nbd7 8. e4
Qc7 9. Re1 e5 10. h3 Re8 11. Be3 b6 12. Rc1 Bb7 13. d5 c5 14. Rf1 a6 15. a4 Rf8
16. Ne1 Rae8 17. Nd3 Kh8 18. Qd2 Ng8 19. Rce1 f5 20. f4 Ne7 21. Kh2 Bc8 22.
fxe5 Nxe5 23. Nxe5 Bxe5 24. Bf4 Ng8 25. Bxe5+ 1/2-1/2

[Event "4NCL/Div3/SLO2 vs. BRI2"]
[Site "West Bromwich ENG"]
[Date "2003.05.26"]
[Round "11.5"]
[White "Payne, Oliver R"]
[Black "Hardy, Roger"]
[Result "1-0"]
[WhiteElo "2029"]
[BlackElo "2022"]
[PlyCount "55"]
[EventDate "2003.05.26"]

1. e4 c6 2. d4 d5 3. exd5 cxd5 4. Bd3 Nc6 5. c3 Nf6 6. Ne2 Bg4 7. f3 Bh5 8. O-O
e6 9. Re1 Be7 10. Nd2 Bg6 11. Nf4 Qc7 12. Nf1 Bd6 13. g3 O-O 14. Nxg6 hxg6 15.
f4 a6 16. Ne3 b5 17. a3 Rfb8 18. Ng4 Nxg4 19. Qxg4 Ne7 20. h4 a5 21. h5 gxh5
22. Qxh5 b4 23. Qh7+ Kf8 24. Qh8+ Ng8 25. Bh7 Ke7 26. Qxg7 Nf6 27. f5 Rg8 28.
Rxe6+ 1-0

[Event "4NCL/Div3/SLO2 vs. BRI2"]
[Site "West Bromwich ENG"]
[Date "2003.05.26"]
[Round "11.6"]
[White "Humphreys, Jerry"]
[Black "Crichton, Martin"]
[Result "1/2-1/2"]
[WhiteElo "2066"]
[BlackElo "1991"]
[PlyCount "46"]
[EventDate "2003.05.26"]

1. e4 c6 2. d4 d5 3. Nc3 dxe4 4. Nxe4 Bf5 5. Ng3 Bg6 6. Nf3 Nd7 7. h4 h6 8. h5
Bh7 9. Bd3 Bxd3 10. Qxd3 Ngf6 11. Bf4 Qa5+ 12. Bd2 Qc7 13. O-O-O e6 14. c4 Bd6
15. Ne4 Bf4 16. Kb1 Bxd2 17. Rxd2 O-O-O 18. Nc3 Kb8 19. Ka1 Rhe8 20. Rh4 Qa5
21. Qb1 Qc7 22. Qd1 a6 23. a4 c5 1/2-1/2

[Event "4NCL/Div3/SLO2 vs. BRI2"]
[Site "West Bromwich ENG"]
[Date "2003.05.26"]
[Round "11.7"]
[White "Houska, Mario"]
[Black "Macarthur, James"]
[Result "1/2-1/2"]
[WhiteElo "1656"]
[BlackElo "1440"]
[PlyCount "75"]
[EventDate "2003.05.26"]

1. d4 e6 2. c3 c5 3. Nf3 cxd4 4. Nxd4 d5 5. Bf4 Bd6 6. Bxd6 Qxd6 7. e3 a6 8.
Be2 e5 9. Nf3 Be6 10. Ng5 h6 11. Nxe6 Qxe6 12. Bg4 Qd6 13. O-O Nf6 14. Bh3 Nc6
15. c4 Rd8 16. cxd5 Qxd5 17. Qxd5 Rxd5 18. Nc3 Rd2 19. b3 O-O 20. Rfd1 Rfd8 21.
Rxd2 Rxd2 22. Bc8 Rc2 23. Nd1 Nd8 24. Bf5 e4 25. f3 g6 26. Bxe4 Nxe4 27. fxe4
h5 28. h3 Ne6 29. Kf1 Nc5 30. Nf2 Kg7 31. b4 Na4 32. a3 Nc3 33. e5 b6 34. a4
Kf8 35. a5 bxa5 36. bxa5 Ke7 37. g4 Ke6 38. gxh5 1/2-1/2

[Event "4NCL/Div3/WRO2 vs. GUI3"]
[Site "West Bromwich ENG"]
[Date "2003.05.26"]
[Round "11.1"]
[White "Taylor, Robert K"]
[Black "Anderton, Matthew N"]
[Result "0-1"]
[WhiteElo "2211"]
[BlackElo "2202"]
[PlyCount "60"]
[EventDate "2003.05.26"]

1. e4 e6 2. d4 d5 3. Nc3 Bb4 4. e5 c5 5. Bd2 Ne7 6. a3 Bxc3 7. Bxc3 Nbc6 8. Nf3
cxd4 9. Nxd4 Nxe5 10. Nxe6 Bxe6 11. Bxe5 O-O 12. Bd3 Nc6 13. Bf4 Qf6 14. Qc1
Bf5 15. O-O Bxd3 16. cxd3 Nd4 17. Bg5 Qf5 18. Re1 Nb3 19. Qf4 Qxf4 20. Bxf4
Nxa1 21. Rxa1 Rac8 22. Re1 Rc2 23. b4 Rc3 24. Re7 Rxa3 25. g3 Rxd3 26. Rxb7 Ra8
27. Rd7 h6 28. Kf1 a5 29. Ke2 Rb3 30. bxa5 Rxa5 0-1

[Event "4NCL/Div3/WRO2 vs. GUI3"]
[Site "West Bromwich ENG"]
[Date "2003.05.26"]
[Round "11.2"]
[White "Norman, Kenneth I"]
[Black "Arnott, Jonathan W"]
[Result "1/2-1/2"]
[WhiteElo "2141"]
[BlackElo "2094"]
[PlyCount "38"]
[EventDate "2003.05.26"]

1. Nf3 e6 2. g3 b6 3. Bg2 Bb7 4. O-O f5 5. c4 Nf6 6. d4 Be7 7. d5 O-O 8. Nd4 c5
9. Nc2 d6 10. Nc3 e5 11. e4 Bc8 12. exf5 Bxf5 13. Ne3 Bg6 14. a4 Na6 15. Ng4
Nxg4 16. Qxg4 Bf5 17. Qe2 Nb4 18. Be4 Qd7 19. Bxf5 Qxf5 1/2-1/2

[Event "4NCL/Div3/WRO2 vs. GUI3"]
[Site "West Bromwich ENG"]
[Date "2003.05.26"]
[Round "11.3"]
[White "Keely, Leo"]
[Black "Punnett, Alan K"]
[Result "0-1"]
[WhiteElo "2153"]
[BlackElo "2129"]
[PlyCount "102"]
[EventDate "2003.05.26"]

1. e4 e6 2. d4 d5 3. Nc3 Nf6 4. Bg5 Bb4 5. e5 h6 6. Bd2 Bxc3 7. bxc3 Ne4 8. Qg4
Kf8 9. Nf3 c5 10. Bd3 Nxd2 11. Nxd2 Nc6 12. Bb5 Qa5 13. Bxc6 Qxc3 14. Rd1 bxc6
15. O-O Qxd4 16. Qxd4 cxd4 17. Nb3 Ba6 18. Rfe1 Bc4 19. Rxd4 a5 20. Nc5 Ke7 21.
Nb7 Rhb8 22. Nd6 Bxa2 23. Ra4 Rb1 24. Kf1 Rb2 25. Ra1 Rb1+ 26. Rxb1 Bxb1 27. c3
f6 28. f4 Bc2 29. Ra3 a4 30. Ke2 Rb8 31. Kd2 Bb3 32. g3 g5 33. Kd3 Rg8 34. Nb7
gxf4 35. gxf4 Rg4 36. exf6+ Kxf6 37. Ke3 Rh4 38. Nc5 Rxh2 39. Nxb3 axb3 40.
Rxb3 c5 41. Rb8 Rh3+ 42. Kd2 Kf5 43. Rf8+ Ke4 44. Rf6 Rh2+ 45. Kc1 Kd3 46. Rxe6
Kxc3 47. Re3+ Kd4 48. Re6 h5 49. f5 Rf2 50. f6 c4 51. Ra6 Ke5 0-1

[Event "4NCL/Div3/WRO2 vs. GUI3"]
[Site "West Bromwich ENG"]
[Date "2003.05.26"]
[Round "11.4"]
[White "Shepley, Julien M"]
[Black "Lim, Chin-Lee"]
[Result "1/2-1/2"]
[WhiteElo "2131"]
[BlackElo "2060"]
[PlyCount "86"]
[EventDate "2003.05.26"]

1. d4 Nf6 2. Nf3 g6 3. Nc3 d5 4. Bg5 Ne4 5. Bh4 Nxc3 6. bxc3 c5 7. dxc5 Bg7 8.
Nd4 Qa5 9. Qd2 Qxc5 10. e3 O-O 11. Be2 Nc6 12. O-O e6 13. Rab1 a6 14. Nxc6 Qxc6
15. Rb3 Re8 16. Rfb1 Qa4 17. c4 dxc4 18. Rb4 Qxa2 19. Bxc4 Qa5 20. Qe2 Bc3 21.
Rb6 Qc5 22. Qd3 Ba5 23. Rd6 b5 24. Bb3 Bc7 25. Rd4 Be5 26. Qe4 Ra7 27. Rd3 f5
28. Qf3 Rf7 29. Rbd1 Bb7 30. Qe2 Qc6 31. f3 Rg7 32. Rd8 g5 33. Bg3 Bxg3 34.
hxg3 Rge7 35. Qd3 Rxd8 36. Qxd8+ Qe8 37. Qb6 Kf7 38. Bxe6+ Rxe6 39. Qxb7+ Kf6
40. Qxh7 Qg6 41. Qh8+ Qg7 42. Qd8+ Qe7 43. Qh8+ Qg7 1/2-1/2